Top cinq des villes les plus peuplées par lettre - Statistiques

Statistiques générales
  • Ce quiz a été pris 82 fois
  • Le résultat moyen est 56 sur 130
Statistiques - réponses
Lettre Pays Population Ville % Correct
B Argentine 16.800.000 Buenos Aires
91%
B Thailande 21.800.000 Bangkok
88%
P France 11.500.000 Paris
88%
D Inde 35.700.000 Delhi
87%
B Colombie 10.600.000 Bogota
86%
N Etats-Unis 21.800.000 New York
84%
O Japon 17.700.000 Osaka
84%
A Côte d'Ivoire 7.050.000 Abidjan
83%
I Turquie 16.000.000 Istanbul
83%
B Irak 7.800.000 Bagdad
81%
L Egypte 22.800.000 Le Caire
81%
L Royaume-Uni 15.100.000 Londres
81%
A Ghana 6.800.000 Accra
80%
J Indonésie 29.500.000 Jakarta
80%
M Espagne 6.700.000 Madrid
80%
M Mexique 25.400.000 Mexico
80%
R Brésil 13.600.000 Rio de Janeiro
80%
T Japon 41.200.000 Tokyo
80%
T Canada 7.850.000 Toronto
80%
A Egypte 6.250.000 Alexandrie
78%
J Afrique du Sud 14.800.000 Johannesburg
77%
L Etats-Unis 17.100.000 Los Angeles
77%
M Russie 18.800.000 Moscou
77%
M Inde 27.600.000 Mumbai
77%
S Corée du Sud 25.200.000 Séoul
77%
D Emirats Arabes Unis 6.050.000 Dubai
75%
O Algérie 1.640.000 Oran
75%
T Iran 16.800.000 Teheran
75%
V Autriche 2.375.000 Vienne
75%
A Jordanie 6.150.000 Amman
74%
F Allemagne 3.225.000 Francfort-sur-le-Main
74%
T Taïwan 10.100.000 Taipei
74%
D Bangladesh 23.100.000 Dacca
72%
M Philippines 27.800.000 Manille
72%
N Kenya 6.900.000 Nairobi
72%
S Brésil 22.600.000 São Paulo
72%
C Chine 72.700.000 Canton
71%
K Malaisie 9.550.000 Kuala Lumpur
71%
V Pologne 2.475.000 Varsovie
71%
L Nigeria 21.300.000 Lagos
70%
K RD Congo 16.300.000 Kinshasa
68%
O Burkina Faso 3.425.000 Ouagadougou
68%
S Chine 41.600.000 Shànghăi
68%
V Canada 3.175.000 Vancouver
68%
Y Cameroun 3.975.000 Yaoundé
68%
D Etats-Unis 7.800.000 Dallas
67%
Q Equateur 2.875.000 Quito
67%
H Vietnam 14.300.000 Hô-Chi-Minh-Ville
64%
O Etats-Unis 3.875.000 Orlando
61%
P Etats-Unis 7.500.000 Philadelphie
61%
K Soudan 7.200.000 Khartoum
59%
B Inde 14.700.000 Bangalore
58%
K Pakistan 21.000.000 Karachi
58%
K Inde 17.900.000 Kolkata
58%
N Japon 10.500.000 Nagoya
57%
W Chine 12.600.000 Wuhan
57%
D Tanzanie 6.650.000 Dar es Salam
55%
G Mexique 5.950.000 Guadalajara
54%
G Guatemala 3.375.000 Guatemala City
54%
S Chili 8.400.000 Santiago
52%
I Turquie 3.025.000 Izmir
51%
E Canada 1.460.000 Edmonton
49%
U Pays-Bas 376.757 Utrecht
46%
W Etats-Unis 8.650.000 Washington D.C.
46%
X Chine 13.400.000 Xi'an
46%
R Brésil 4.100.000 Recife
43%
L Pakistan 14.600.000 Lahore
42%
P Etats-Unis 4.950.000 Phoenix
39%
R Myanmar 5.650.000 Rangoun
39%
H Chine 7.500.000 Hong Kong
38%
C Chine 18.100.000 Chengdu
36%
C Inde 12.900.000 Chennai
36%
F Brésil 3.825.000 Fortaleza
36%
Y Japon 3.770.000 Yokohama
36%
N Chine 9.500.000 Nankin
35%
A Inde 9.900.000 Ahmedabad
33%
C Chine 12.900.000 Chongqing
32%
H Inde 11.700.000 Hyderabad
32%
I Iran 3.425.000 Ispahan
32%
U Chine 5.000.000 Ürümqi
32%
F Japon 2.850.000 Fukuoka
30%
J Inde 4.525.000 Jaipur
30%
T Chine 11.700.000 Tianjin
28%
X Chine 15.400.000 Xiamen
26%
F Pakistan 4.125.000 Faisalabad
25%
G Equateur 3.350.000 Guayaquil
25%
P Inde 8.000.000 Pune
23%
H Chine 14.600.000 Hangzhou
20%
Q Chine 7.700.000 Qingdao
19%
E Etats-Unis 1.030.000 El Paso
17%
I Nigeria 3.400.000 Ibadan
16%
E Irak 1.220.000 Erbil
14%
N Chine 7.600.000 Ningbo
13%
R Pakistan 5.600.000 Rawalpindi
13%
F Chine 4.775.000 Fuzhou
10%
P Mexique 4.300.000 Puebla
10%
Z Chine 10.300.000 Zhengzhou
10%
C Chine 11.500.000 Changsha
9%
H Chine 8.200.000 Hefei
9%
J Chine 6.750.000 Jinan
9%
U Corée du Sud 1.070.000 Ulsan
7%
G Chine 5.300.000 Guiyang
6%
Q Pakistan 1.720.000 Quetta
6%
I Inde 3.750.000 Indore
4%
O Japon 2.175.000 Okayama
4%
Q Mexique 1.750.000 Querétaro
4%
S Chine 8.800.000 Shenyang
4%
W Chine 7.000.000 Wenzhou
4%
E Nigeria 1.010.000 Enugu
3%
G Pakistan 3.450.000 Gujranwala
3%
V Inde 2.450.000 Vadodara
3%
W Chine 1.190.000 Wanzhou
3%
X Chine 3.150.000 Xuzhou
3%
E Chine 1.180.000 Ezhou
1%
J Chine 3.200.000 Jiangyin
1%
R Allemagne 10.900.000 Rhin-Ruhr
1%
V Inde 2.475.000 Visakhapatnam
1%
Z Chine 1.890.000 Zhanjiang
1%
Z Chine 3.975.000 Zibo
1%
Q Chine 1.740.000 Qinhuangdao
0%
U Brésil 761.000 Uberlândia
0%
U Nigeria 390.400 Uyo
0%
W Chine 3.325.000 Weifang
0%
X Chine 2.250.000 Xining
0%
X Chine 2.700.000 Xinxiang
0%
Y Chine 2.300.000 Yangzhou
0%
Y Chine 2.550.000 Yantai
0%
Y Chine 2.700.000 Yiwu
0%
Z Chine 1.900.000 Zaozhuang
0%
Z Chine 2.675.000 Zhuhai
0%
Aucun quiz correspondant
Distribution des résultats
% des personnes avec chaque résultat
Percentile par nombre de réponses
Votre historique - résultats
Vous n’avez pas pris ce quiz